Gaming Quiz

Random Gaming or Video Games Quiz

Wiki Gaming Picture Click Quiz Stats

 Plays Quiz Updated Jun 27, 2017

Support Sporcle.
Go Orange.
Score 0/12 Timer 04:00
6 Plays Today
% Correct
Troll Doll
94.1%
First-Person Shooter
92.8%
Pokémon (Video Game Series)
90.4%
Fun
88.8%
Commodore 64
86.6%
Gambling
80.4%
Augmented Reality
80%
Dungeons & Dragons
78.2%
Player Character
72.7%
Royal Game of Ur
60.2%
Strategy
58.7%
Mumblety-peg
56.3%

You're not logged in!

Compare scores with friends on all Sporcle quizzes.
OR
Log In
Forgot?

From the Vault

19 Ways to Not 'Eat'

by timmylemoine1

You'll be starving by the end of it.
Remove Ads.
Support Sporcle.
Get the best of Sporcle when you Go Orange. This ad-free experience offers more features, more stats, and more fun while also helping to support Sporcle. Thank you for becoming a member.

Show Comments

Extras

Top Quizzes Today


Score Distribution

Your Account Isn't Verified!

In order to create a playlist on Sporcle, you need to verify the email address you used during registration. Go to your Sporcle Settings to finish the process.

Report this User

Report this user for behavior that violates our Community Guidelines.

Details: